000 00751nam a2200217 a 4500
001 39773
003 BD-RjUL
005 20211209053044.0
008 180506s2016 bg a|||| |||| 001 0 eng d
020 _a9789845190527
_c: Complimentary
035 _a(BD-RjUL)39886
040 _aBD-RjUL
_beng
_cBD-RjUL
041 _aeng
082 _223
_aRA 330.954924021
_bCHP 2016
110 1 _aBangladesh Bureau of Statistics (BBS)
_9221291
245 1 0 _aEconomic Census 2013, District Report:
_bChapai Nawabganj /
_cBangladesh Bureau of Statistics (BBS)
260 _aDhaka:
_bBBS,
_c2016
300 _axviii, 532 p. :
_cIll. ;
_b28 cm.
650 _aBangladesh
_zChapai Nawabganj
_xEconomic conditions
_y21st century
_vStatistics
_9221292
942 _2ddc
_cRAR
999 _c39773
_d39773